| 000 | 00793nam a2200217 i 4500 | ||
|---|---|---|---|
| 001 | 95627 | ||
| 003 | ES-MaACL | ||
| 005 | 20230906181737.0 | ||
| 007 | t| | ||
| 008 | 050601s1968 sp ||||1| spa d | ||
| 100 | 1 |
_aLlopis, Carlos. _972826 |
|
| 245 | 1 | 0 |
_aLo que no dijo Guillermo; Nosotros, ellas y el duende; La cigüeña dijo "si"; Ni Margarita ni el diablo!; El amor tiene su "aquel"; ¿Qué hacemos con los hijos? / _cteatro selecto de Carlos Llopis. |
| 260 |
_aMadrid : _bEscelicer, _c1968. |
||
| 300 |
_a581 p., 9 lám. ; _c18 cm. |
||
| 740 | 0 | _aNosotros, ellas y el duende. | |
| 740 | 3 | _aLa cigüeña dijo "si" | |
| 740 | 0 | _aNi Margarita ni el diablo! | |
| 740 | 3 | _aEl amor tiene su "aquel" | |
| 740 | 0 | _a¿Qué hacemos con los hijos? | |
| 852 |
_aES-MaACL _jC-35319 _bR.67814 |
||
| 999 |
_c95627 _d95627 |
||